LIBRARY & INFORMATION CENTRE, KCAET, TAVANUR

ONLINE PUBLIC ACCESS CATALOGUE (OPAC)

Introduction to Hydrology (Record no. 14409)

MARC details
000 -LEADER
fixed length control field 00357nam a22001457a 4500
020 ## - INTERNATIONAL STANDARD BOOK NUMBER
ISBN 9788120333680
082 ## - DEWEY DECIMAL CLASSIFICATION NUMBER
Classification number 551.48
Item number VIE/IN
100 ## - MAIN ENTRY--AUTHOR NAME
Personal name Viessman, Warren,Jr.
100 ## - MAIN ENTRY--AUTHOR NAME
Personal name Lewis,Gary L.
245 ## - TITLE STATEMENT
Title Introduction to Hydrology
250 ## - EDITION STATEMENT
Edition statement 5 th
260 ## - PUBLICATION, DISTRIBUTION, ETC. (IMPRINT)
Place of publication New Delhi
Name of publisher PHI Learning Private Limited
Year of publication 2011
300 ## - PHYSICAL DESCRIPTION
Number of Pages 612
942 ## - ADDED ENTRY ELEMENTS (KOHA)
Koha item type Books
Holdings
Withdrawn status Lost status Damaged status Collection code Home library Current library Shelving location Date acquired Source of acquisition Cost, normal purchase price Full call number Accession Number Koha item type
        KAUAET KAUAET General Stacks 30/03/2013 Aman Book Stall, Calicut 395.00 551.48 VIE/IN 24059 Books
free website counter